Restrictive regional policy measures : The decision to derestrict the present document was taken on 11th april 1977
Đã lưu trong:
| Tác giả của công ty: | |
|---|---|
| Định dạng: | Sách |
| Ngôn ngữ: | Undetermined |
| Được phát hành: |
Paris
Organization for economic co-operation and development
1977
|
| Những chủ đề: | |
| Các nhãn: |
Thêm thẻ
Không có thẻ, Là người đầu tiên thẻ bản ghi này!
|
| Thư viện lưu trữ: | Trung tâm Học liệu Trường Đại học Cần Thơ |
|---|
| LEADER | 00592nam a2200193Ia 4500 | ||
|---|---|---|---|
| 001 | CTU_80406 | ||
| 008 | 210402s9999 xx 000 0 und d | ||
| 082 | |a 361.61 | ||
| 082 | |b O.68 | ||
| 110 | |a OECD | ||
| 245 | 0 | |a Restrictive regional policy measures : | |
| 245 | 4 | |b The decision to derestrict the present document was taken on 11th april 1977 | |
| 245 | 0 | |c OECD | |
| 260 | |a Paris | ||
| 260 | |b Organization for economic co-operation and development | ||
| 260 | |c 1977 | ||
| 650 | |a Social policy | ||
| 904 | |i Trọng Hải | ||
| 980 | |a Trung tâm Học liệu Trường Đại học Cần Thơ | ||